Statystyki dla pierwiastki liczb

Kliknij tutaj aby rozwiązać quiz!

Ogólne statystyki

  • Ten quiz został rozwiązany 1 820 razy
  • Średni wynik to 8 z 14

Statystyki odpowiedzi

Liczbapierwiastek% Poprawnych
11
96%
93
95%
648
95%
12111
93%
62525
92%
72927
73%
48422
68%
250050
63%
28917
55%
102432
47%
144438
32%
12343211111
21%
16384128
7%
99225315
7%

Rozkład punktacji

Percentyl według liczby udzielonych odpowiedzi

Procent ludzi z każdym wynikiem

Twoja historia wyników

Nie rozwiązałeś tego quizu